| 000 | 02482cam a2200301 4500500 | ||
|---|---|---|---|
| 005 | 20260111145919.0 | ||
| 041 | _afre | ||
| 042 | _adc | ||
| 100 | 1 | 0 |
_aBrigand, Louis _eauthor |
| 245 | 0 | 0 | _aQue serais-je sans elles ? Relation d'un voyage d'un quart de siècle d'île en île |
| 260 | _c2006. | ||
| 500 | _a15 | ||
| 520 | _aRésuméCet article retrace les grandes lignes du parcours professionnel d’un géographe durant plus de vingt-cinq années sur les îles et archipels, en France et à l’étranger. Au-delà de leur intérêt scientifique, ces espaces ont joué un rôle fondamental dans la façon d’approcher et de comprendre le monde et sont devenus des repères qui jalonnent autant la vie du chercheur que celle de l’individu. Si l’île est géographiquement limitée à ses rivages, les multiples manières de l’appréhender semblent infinies. | ||
| 520 | _aThis article traces the main threads of the professional life of a geographer, who has spent over 25 years on islands and archipelagos in France and abroad. Beyond their scientific interest, these places have played a key role in shaping the ways the author apprehends and understands the world, becoming landmarks in his life, both as a researcher and as a person. The island may be limited by its shores, but there seems to be no such limit to the number of ways it may be approached. | ||
| 520 | _aZusammenfassungDieser Artikel zeichnet in großen Linien den beruflichen Werdegang eines Geographen nach, der seit über 25 Jahren über die Inseln und Inselgruppen Frankreichs und anderer Länder arbeitet. Über ihr rein wissenschaftliches Interesse heraus, haben die Inseln eine entscheidende Rolle für die Art und Weise der Studie und das Verständnis der Welt gespielt, und sind somit zu Anhaltspunkten geworden, die sowohl das Leben des Wissenschaftlers als auch des Menschen beeinflusst haben. Auch wenn die Insel durch ihre Küsten eingegrenzt ist, so scheinen die verschiedenen Weisen, sich ihr zu nähern und sie zu begreifen, unbegrenzt. | ||
| 690 | _acartes | ||
| 690 | _agéographie | ||
| 690 | _aîle | ||
| 690 | _anissologie | ||
| 690 | _arivages | ||
| 690 | _acoasts | ||
| 690 | _ageography | ||
| 690 | _aisland | ||
| 690 | _amaps | ||
| 690 | _anissology | ||
| 786 | 0 | _nEthnologie française | 36 | 3 | 2006-09-01 | p. 475-483 | 0046-2616 | |
| 856 | 4 | 1 | _uhttps://shs.cairn.info/revue-ethnologie-francaise-2006-3-page-475?lang=fr&redirect-ssocas=7080 |
| 999 |
_c1636649 _d1636649 |
||